LEADER 01308nam a2200265 u 4500 001 000000047757 003 CaOOAMICUS 005 20070226114924.0 008 000128s1978 it u000 u ita u 035 $a10839931 040 $aMSA$bita$dPUL(R) 100 1 $aPellegrino, Piero.$0(OLS)http://pul/name/26842 245 13$aLa struttura interna della legge :$bcontributo alla dottrina canonistica del procedimento nomogenetico /$cPiero Pellegrino. 260 $aMilano :$bA. Giuffrè,$c1978. 300 $a267 p. ;$c25 cm 490 1 $aRaccolta di studi della rivista "Il Diritto ecclesiastico" ;$v5 650 4$aFilosofia del diritto.$0(OLS)http://pul/subject/620 650 4$aDiritto ecclesiastico$xCritica e interpretazione.$0(OLS)http://pul/subject/20127 830 0$aRaccolta di studi della rivista "Il Diritto ecclesiastico" ;$v5.$0(OLS)http://pul/title/2284 850 $aPUL 852 $aPUL$W1$xDP1 Fondo Ciprotti$y59$m1543 A 33$j63766$nBK-PRI$b $qFondi$B63766$CPULBib$Z2$F63766 $H $81 941 1 $a1 960 $aDiritto$xFilosofia$9620 996 $6245$aLa struttura interna della legge :$bcontributo alla dottrina canonistica del procedimento nomogenetico$9(OLS)http://pul/title/64295 996 $6260$aMilano :$bA. Giuffrè$9(OLS)http://pul/publisher/48096 LEADER 01270nam a2200241 a 4500 001 000000138809 003 CaOOAMICUS 005 20140612121426.0 008 140612s2001 vc af u000 u ita r 040 $aPUL$bita 245 03$aIl Grande Giubileo dell'Anno 2000 :$bdiario di un evento di fede /$c[Realizzazione a cura dell'Ufficio Comunicazione e Documentazione del Comitato centrale del Grande Giubileo dell'Anno 2000 ; ideazione e progetto editoriale Angelo Scelzo]. 260 $aCittà del Vaticano :$b[s.n.]$eRoma :$fLitosud,$g2000 300 $aLXV, 353 p. :$bill., tav. ripieg. ;$c34 cm 504 $aBibliografia in nota. 650 4$aGiubilei cristiani$y2025$xTesti liturgici.$0(OLS)http://pul/subject/17075 700 1 $aScelzo, Angelo,$d1946-$0(OLS)http://pul/name/88879 710 2 $aUfficio Comunicazione e Documentazione del Comitato centrale del Grande Giubileo dell'Anno 2000.$0(OLS)http://pul/name/89522 850 $aPUL 852 $aPUL$W1$xDP1 Fondo E. Rossi$y115$m7 F 86$j160231$qFondi$B159679$CPULBib$Z2$F159679 $82 941 1 $a1 996 $6245$aIl Grande Giubileo dell'Anno 2000 :$bdiario di un evento di fede$9(OLS)http://pul/title/175739 996 $6260$aCittà del Vaticano :$b[s.n.]$9(OLS)http://pul/publisher/48089